000 00592nam a2200181Ia 4500
005 20250508155921.0
008 008 250505s9999 xx 000 0 eng d
037 _aBooks to be hide in OPAC
040 _aFEDL
_beng
_cFEDL
041 _aeng
_2eng
084 _a371.26, UNE/O
_qFEDL
100 _aHotyat F Ed.
_9767784
245 0 _aEvaluation in education: Report on an international meeting of experts held at the Unesco institute for education, Hamburg 17-22 March, 1958
260 _c1958
300 _a67p.
942 _cHB
_h371.26, UNE/O
999 _c1360066
_d1360066